00386 a2200109 4500001001000000005001700010008004100027245009000068100002400158773007700182999001700259ART_5154020260410162015.0260409a 10aAcciones colectivas: diagnóstico actual y antecedentes jurisprudenciales de la CSJN1 aRoitman, Facundo J.0 tTemas de derecho administrativog- Año 5, N° 11 (nov. 2020)wREV40468 c32530d32530